Věda a technika v Československu od normalizace k transformaci /

Další autoři: Lorencová, Ivana, 1964-
Jazyk: Slovenština
Čeština
Vydáno: Praha : Národní technické muzeum, 2012
Edice: Práce z dějin techniky a přírodních věd
Témata:
Fyzický popis: 359 s. : il., portréty, plány, faksim. ; 25 cm
Language note: Část. slovenský text, anglická resumé
Knihy
Uloženo v:
LEADER 01875nam a2200469 a 4500
001 nkc20122431568
003 CZ PrNK
005 20131114123519.0
007 ta
008 121221s2012 xr acehf 000 0 cze
015 |a cnb002431568 
020 |a 978-80-7037-210-4  |q (brož.) 
035 |a (OCoLC)827262255 
040 |a ABA001  |b cze  |d BOA001 
041 0 |a cze  |a slo  |b eng 
043 |a e-cs--- 
045 |a x6x8 
072 7 |a 00  |x Věda. Všeobecnosti. Základy vědy a kultury. Vědecká práce  |2 Konspekt  |9 12 
080 |a 001:62  |2 MRF 
080 |a (437)  |2 MRF 
080 |a (048.8:082)  |2 MRF 
245 0 0 |a Věda a technika v Československu od normalizace k transformaci /  |c Ivana Lorencová (ed.) 
260 |a Praha :  |b Národní technické muzeum,  |c 2012 
300 |a 359 s. :  |b il., portréty, plány, faksim. ;  |c 25 cm 
490 1 |a Práce z dějin techniky a přírodních věd ;  |v sv. 28 
500 |a 200 výt. 
504 |a Obsahuje bibliografie a bibliografické odkazy 
546 |a Část. slovenský text, anglická resumé 
648 7 |a 1969-1989  |7 ch460663  |2 czenas 
650 0 7 |a věda a technika  |7 ph127355  |z Československo  |2 czenas 
650 0 9 |a science and technology  |z Czechoslovakia  |2 eczenas 
655 7 |a kolektivní monografie  |7 fd501537  |2 czenas 
655 9 |a collective monographs  |2 eczenas 
700 1 |a Lorencová, Ivana,  |d 1964-  |7 stk2007415466  |4 edt 
830 0 |a Práce z dějin techniky a přírodních věd  |0 s 
910 2 |a BOA001  |b 2-1296.298 
990 |a BK 
995 |a 01 
991 |b 201301  |c NOV  |e n 
996 6 |b 2610532256  |c 2-1296.298  |l MZK  |r Sklad / do 1 hodiny  |n 2  |p p.v.  |w 001304429  |u 000010  |a 1  |e BOA001  |j MZK50  |s P 
996 6 |b 2610541111  |c 2-1296.298  |l MZK  |r HSS 4p  |n 0  |p kup  |h 00 VĚD  |w 001304429  |u 000020  |a 0  |e BOA001  |j MZK50  |s P 
996 7 |b 2610541112  |c 2-1296.298  |l MZK  |r Sklad / do 1 hodiny  |n 7  |p kup  |w 001304429  |u 000030  |a 1  |e BOA001  |j MZK50  |s A